| 000 | 00598nam a2200193 a 4500 | ||
|---|---|---|---|
| 005 | 20260322212021.0 | ||
| 008 | data | ||
| 020 | _a1886483256 | ||
| 020 | _a9781886483255 | ||
| 092 | _a819 L85 1998 | ||
| 100 | 1 | _aLuckingham, Bradford. | |
| 245 | 1 | 0 |
_aDiscovering greater Phoenix : _ban illustrated history / _cBradford Luckingham & Barbara Luckingham. |
| 260 |
_aCarlsbad, Calif. : _bHeritage Media Corp., _c1998. |
||
| 300 |
_a343 p. : ill. ; _b22 cm. |
||
| 504 | _aIncludes bibliographical references and index. | ||
| 650 | 0 |
_aPhoenix (Ariz.) _xHistory |
|
| 700 | 1 | _aLuckingham, Barbara | |
| 001 | data | ||
| 999 |
_c470 _d470 |
||